| 000 | 00604nam a22002057a 4500 | ||
|---|---|---|---|
| 005 | 20250320101630.0 | ||
| 010 | _aENG-144155 | ||
| 020 |
_a9789355433381 _c899.00 |
||
| 035 | _aEN-127687 | ||
| 037 | _bDelivery Book Act Division | ||
| 082 |
_a320.954 _21 |
||
| 100 |
_aMerchant, Minhaz _979762 |
||
| 245 |
_aModi: _bThe Challenge of 2024/ _cMinhaz Merchant |
||
| 250 | _a1 | ||
| 260 |
_aUttar Pradesh _bAmaryllis _c2023 |
||
| 270 |
_aC-16, Sector-3, Noida _bUttar Pradesh _e201301 |
||
| 300 |
_a429p. _c24cm(hb) |
||
| 500 | _aThe Battle for India | ||
| 942 |
_2ddc _cEN _h320.954 _mMER |
||
| 999 |
_c210381 _d210381 |
||